000 00362 a2200121 4500
001 ART_11944
005 20260410161901.0
008 260409a
245 1 0 _aOutcomes of voting and planing
100 1 _aHansen, Pierre
700 1 _aThisse, Jacques-Francois
773 0 _tJournal of public economics
_g- Vol. 16, NÂș 1 (ago. 1981)
_wREV11485
999 _c25964
_d25964